All foreign players Roda JC Kerkrade - Statistics

General Stats
  • This quiz has been taken 15 times
  • The average score is 49 of 252
Answer Stats
Hint Answer % Correct
Mads Junker
50%
Tijjani Babangida
50%
Adil Ramzi
40%
Andres Oper
40%
Bryan Limbombe
40%
Pa-Modou Kah
40%
Patrick Pflücke
40%
Sanharib Malki
40%
Abdul Ajagun
30%
Aleksandar Stankov
30%
Amir Absalem
30%
Antonio Stankov
30%
Arnaud Djoum
30%
Boldiszar Bödör
30%
Brian Koglin
30%
Davy De Fauw
30%
Enrique Peña
30%
Filip Kurto
30%
Jimmy Hempte
30%
Laurent Delorge
30%
Lucas Beerten
30%
Marcel De Jong
30%
Mario Engels
30%
Marvin Pourié
30%
Matisse Didden
30%
Mikołaj Lebedyński
30%
Morten Skoubo
30%
Nils Röseler
30%
Pascal Müller
30%
Przemysław Tytoń
30%
Sekou Cissé
30%
Tom Van Hyfte
30%
Vladan Kujović
30%
Zeljko Kalac
30%
Adnan Šećerović
20%
Ajah Ogechukwu
20%
Alain Van Mieghem
20%
Alexander Voigt
20%
Allan Nielsen
20%
Amin Affane
20%
Arkadiusz Kaliszan
20%
Arouna Koné
20%
Ashton Götz
20%
Ba-Muaka Simakala
20%
Bart Biemans
20%
Béni Badibanga
20%
Benjamin Bouchouari
20%
Bernard Tchoutang
20%
Bob Peeters
20%
Bram Castro
20%
Bram Verbist
20%
Brian Thong
20%
Bryan Verboom
20%
Célestin Djim
20%
Cheick Tioté
20%
Chris Guthrie
20%
Cliff Mardulier
20%
Cotán
20%
Cristiano
20%
Daniel De Silva
20%
Daniele Zotti
20%
Danilo
20%
Dani Schahin
20%
David Boysen
20%
David Nascimento
20%
Davy De Beule
20%
Dieter Van Tornhout
20%
Donis Avdijaj
20%
Donovan Maury
20%
Eddy Sonko
20%
Edwin Gyasi
20%
Elbekay Bouchiba
20%
Eric Addo
20%
Fabio Sposito
20%
Fatih Sonkaya
20%
Faton Popova
20%
Florian Mayer
20%
Frederic Ananou
20%
Fredrik Berglund
20%
Gábor Torma
20%
Garba Lawal
20%
Gary Van Egmond
20%
Georgiy Zhukov
20%
Gibril Sankoh
20%
Graham Arnold
20%
Grégory Delwarte
20%
Grigoris Tsinos
20%
Gunnar Einarsson
20%
Guy Ramos
20%
Henryk Bolesta
20%
Herbert Bönnen
20%
Igor Tomašić
20%
Iké Ugbo
20%
Ivan Prtajin
20%
Ivan Vicelich
20%
Jagoš Vuković
20%
Jamaïque Vandamme
20%
Jamil Takidine
20%
Jan-Pieter Martens
20%
Jeanvion Yulu-Matondo
20%
Jens Kolding
20%
Jérôme Colinet
20%
Jimmy Calderwood
20%
John Eriksen
20%
Joos Valgaeren
20%
Jordy Croux
20%
Jörg Kässmann
20%
Jorn Vancamp
20%
Jos Daerden
20%
Juan Alonso
20%
Ken Leemans
20%
Kevin Begois
20%
Kevin Van Dessel
20%
Kris De Wree
20%
Kristoffer Peterson
20%
Krisztián Németh
20%
László Bodnár
20%
Laurit Krasniqi
20%
Lennard Daneels
20%
Livio Milts
20%
Maarten Schops
20%
Marc Eberle
20%
Marc Nygaard
20%
Marcos Gullón
20%
Mariusz Kukiełka
20%
Mark De Man
20%
Martijn Monteyne
20%
Martin Milec
20%
Mateusz Prus
20%
Maxime Gunst
20%
Maximilian Schmid
20%
Metehan Güçlü
20%
Michalis Ioannou
20%
Mohamed Amissi
20%
Mohammed El Berkani
20%
Moritz Nicolas
20%
Motti Ivanir
20%
Nayib Lagouireh
20%
Nestoras Mitidis
20%
Niels Verburgh
20%
Nikola Damjanac
20%
Ognjen Gnjatić
20%
Paolo Ramora
20%
Paweł Kieszek
20%
Peter Van Houdt
20%
Piotr Kasperski
20%
Predrag Filipović
20%
Radomir Novaković
20%
Rastislav Mores
20%
Raymond Gyasi
20%
Richard Jensen
20%
Richmond Boakye
20%
Roland Alberg
20%
Roland Lamah
20%
Rostyn Griffiths
20%
Samir Ouindi
20%
Sánchez Torres
20%
Santiago Palacios
20%
Sebastian Svärd
20%
Sergey Pogodin
20%
Sergio
20%
Seydihan Baslanti
20%
Simeon Raykov
20%
Simon Church
20%
Simon Cziommer
20%
Simon Gustafson
20%
Stefano Marzo
20%
Stefan Savić
20%
Stein Huysegems
20%
Sten Ziegler
20%
Stéphane Van Der Heyden
20%
Sven Vandenbroeck
20%
Tamás Kádár
20%
Taylan Aydoğan
20%
Terry Lees
20%
Thanasis Papazoglou
20%
Theo Offermans
20%
Timothy Durwael
20%
Tim Väyrynen
20%
Tomasz Iwan
20%
Tomi Jurić
20%
Tom Muyters
20%
Tom Soetaers
20%
Tsiy Ndenge
20%
Uğur İnceman
20%
Uwe Blotenberg
20%
Vasil Shkurtaj
20%
Vincent Lachambre
20%
Xander Lambrix
20%
Xian Emmers
20%
Yani Urdinov
20%
Yann Bisseck
20%
Yannis Anastasiou
20%
Youssef Sofiane
20%
Yves De Winter
20%
Abel Tamata
10%
Adrian Lis
10%
Ali Barak
10%
Ali Messaoud
10%
Ali Yaşar
10%
Bryan Van Hove
10%
Chuck Kim
10%
Denis Schütte
10%
Denzel Jubitana
10%
Fadel Gobitaka
10%
Farshad Noor
10%
Florian Joshaj
10%
Gerd Wennmacher
10%
Giuseppe Canale
10%
Hans-Josef Knauf
10%
Hans Kodric
10%
Herbert Herbst
10%
Herbert Wilden
10%
Horst-Dieter Gnielka
10%
Jamie Mpie
10%
Jannes Vansteenkiste
10%
Jeremy Cijntje
10%
Jeremy Munkana
10%
Josef Martinelli
10%
Kaan Tanrıver
10%
Kahraman Demirtaş
10%
Kai Bösing
10%
Kemy Augustien
10%
Kenneth Staelens
10%
Lyes Houri
10%
Maecky Ngombo
10%
Mateusz Kuźmicki
10%
Mattias Bjärsmyr
10%
Miguel Santos
10%
Mike Petersen
10%
Mitchell Donald
10%
Nic Purdue
10%
Nils Fussen
10%
Nuelson Wau
10%
Patrick Banggaard
10%
Paul Ewe
10%
Petteri Korkala
10%
Phil-Thierri Sieben
10%
Quinten-Eladio Beckx
10%
Rainer Schönwälder
10%
Rigino Cicilia
10%
Rihairo Meulens
10%
Roliney Bonevacia
10%
Romario Rösch
10%
Roshon Van Eijma
10%
Safouane Ahidar
10%
Thibo Van Den Branden
10%
Thijs De Boevere
10%
Thomas Paumen
10%
Tiemen Wijnen
10%
Tomer Altman
10%
Willem Ofori
10%
No matching quizzes found
Score Distribution
Percent of People with Each Score
Percentile by Number Answered
Your Score History
You have not taken this quiz